Alice in Chains - Facelift Songs - Statistics

General Stats
  • This quiz has been taken 35 times
  • The average score is 7 of 12
Answer Stats
Length Song % Correct
4:46 Man in the Box
97%
4:01 Bleed the Freak
90%
2:32 We Die Young
77%
5:49 Sea of Sorrow
70%
4:37 It Ain't Like That
60%
6:26 Love, Hate, Love
57%
4:44 Sunshine
57%
4:22 I Know Something (Bout You)
53%
5:44 Confusion
50%
3:42 I Can't Remember
50%
3:16 Put You Down
37%
4:03 Real Thing
30%
No matching quizzes found
Score Distribution
Percent of People with Each Score
Percentile by Number Answered
Your Score History
You have not taken this quiz